书目信息 |
| 题名: |
汤饮养生堂
|
|
| 作者: | 孔令谦 主编 | |
| 分册: | ||
| 出版信息: | 北京 中国华侨出版社 2007 |
|
| 页数: | 244页 | |
| 开本: | 23cm | |
| 丛书名: | ||
| 单 册: | ||
| 中图分类: | TS972 , TS972.122 | |
| 科图分类: | ||
| 主题词: | 汤菜--保健--菜谱 , 保健 , 菜谱 , 汤菜 | |
| 电子资源: | ||
| ISBN: | 978-7-80222-207-6 | |
| 000 | 00910nam0 2200301 450 | |
| 000 | 00883nam0 2200289 450 | |
| 000 | 00815nam0 2200265 450 | |
| 000 | 00779nam0 2200253 45 | |
| 005 | 20070529151527.81 | |
| 010 | @a978-7-80222-207-6@dCNY28.00 | |
| 100 | @a20070308d2007 em y0chiy0120 ea | |
| 101 | 0 | @achi |
| 102 | @aCN@b110000 | |
| 105 | @ay z 000yy | |
| 200 | 1 | @a汤饮养生堂@Atang yin yang sheng tang@f孔令谦主编 |
| 210 | @a北京@c中国华侨出版社@d2007 | |
| 215 | @a244页@d23cm | |
| 300 | @a伯华养生堂 | |
| 330 | @a本书从汤饮养生入手,针对人们的日常饮食、生起起居、排毒美容等养生要点,从各个方面的差异入手,给予人们特别的养生与健康指导。 | |
| 606 | 0 | @a汤菜@x保健@x菜谱 |
| 606 | 0 | @a保健 |
| 606 | 0 | @a菜谱 |
| 606 | 0 | @a汤菜 |
| 690 | @aTS972@v4 | |
| 690 | @aTS972.122@v3 | |
| 701 | 0 | @a孔令谦@Akong ling qian@4主编 |
| 801 | 0 | @aCN@bTAOJIN@c20070529 |
| 905 | @a10447@dTS972.122@e245 | |
| 汤饮养生堂/孔令谦主编.-北京:中国华侨出版社,2007 |
| 244页;23cm |
| 伯华养生堂 |
| ISBN 978-7-80222-207-6:CNY28.00 |
| 本书从汤饮养生入手,针对人们的日常饮食、生起起居、排毒美容等养生要点,从各个方面的差异入手,给予人们特别的养生与健康指导。 |
| ● |
| 相关链接 |
|
|
|
|
正题名:汤饮养生堂
索取号:TS972.122/245
 
预约/预借
| 序号 | 登录号 | 条形码 | 馆藏地/架位号 | 状态 | 备注 |
| 1 | 0520385 | 205203858 | 第二样本阅览室/ [索取号:TS972.122/245] | 在馆 | |
| 2 | 0520386 | 205203867 | 第三借阅区/ [索取号:TS972.122/245] | 在馆 | |
| 3 | 0520387 | 205203876 | 第三借阅区/ [索取号:TS972.122/245] | 在馆 | |
| 4 | 0520388 | 205203885 | 第三借阅区/ [索取号:TS972.122/245] | 在馆 | |
| 5 | 0520389 | 205203894 | 第三借阅区/ [索取号:TS972.122/245] | 在馆 | |
| 6 | 0520390 | 205203901 | 第三借阅区/ [索取号:TS972.122/245] | 在馆 | |
| 7 | 0520391 | 205203910 | 第三借阅区/ [索取号:TS972.122/245] | 在馆 | |
| 8 | 0520392 | 205203929 | 第三借阅区/ [索取号:TS972.122/245] | 在馆 |